000 00535cam a22001697a 4500
008 180718b2001 xxu||||| |||| 00| 0 eng d
020 _a0787955671
082 _aI51 B439f
245 _aFuture of leadership: today's top leadership thinkers speak to tomorrow's leaders
_cedited by Warren Bennis...[et.al.]
260 _aSan Francisco
_bJossey-Bass
_c2001
300 _a316p.
650 _aManagement
650 _aOrganizational change
650 _aOrganizational effectiveness
650 _aLeadership
700 _aBennis, Warren
999 _c397864
_d397864